| 000 | 00446nam a22001817a 4500 | ||
|---|---|---|---|
| 003 | OSt | ||
| 008 | 230131b ||||| |||| 00| 0 eng d | ||
| 020 | _a9789353160685 | ||
| 082 | _a658.314 BET | ||
| 100 | _aBERGER, Lance A | ||
| 245 | _aThe Talent Management Handbook | ||
| 250 | _a3rd ed | ||
| 260 |
_aNew Delhi _bTMH _c2021 |
||
| 300 | _a686 | ||
| 650 | _aThe Talent management Hanabook | ||
| 700 | _aBERGER,Dorothy R | ||
| 942 |
_2ddc _cREF |
||
| 999 |
_c11827 _d11827 |
||